000 00298nam a22001337a 4500
082 _a823
_bAND/S
100 _aANDERSON
245 _aSTORIES BY ANDERSON
_bSHORT STORY
260 _aCALICUT
_bPIANO PUBLICATION
_c2012
300 _a123
520 _aSHORT STORY
650 _aSHORT STORY
942 _cBK
999 _c3849
_d3849